Statistics for African Players Who Have Won English Premier League

Click here to take the quiz!

General Stats

  • This quiz has been taken 300 times
  • The average score is 8 of 15

Answer Stats

Country/YearAnswer% Correct
IVORY COAST/2005 2006 2010 2015DROGBA
97%
ALGERIA/2016MAHREZ
97%
IVORY COAST 2012 2014 2018TOURE
89%
IVORY COAST 2004 2012TOURE
89%
GHANA 2006 2010ESSIEN
69%
NIGERIA 2010 2015MICKEL
56%
IVORY COAST 2010KALOU
50%
NIGERIA 2017MOSES
47%
NIGERIA 2002 2004KANU
42%
CAMEROON 2002 2004LAUREN
30%
SOUTH AFRICA 2003FORTUNE
26%
GHANA 2016AMARTEY
24%
CAMEROON 2005 2006GEREMI
18%
GHANA 2016SCHLUPP
13%
LIBERIA 1998WREH
13%

Score Distribution

Percentile by Number Answered

Percent of People with Each Score

Your Score History

You have not taken this quiz